বাংলাদেশের জাতীয় স্বার্থ ও নিরাপত্তার আলোকে করিডোর ট্রানজিট ট্রান্সশিপমেন্ট / (Record no. 47821)
[ view plain ]
| 000 -LEADER | |
|---|---|
| fixed length control field | 01111nam a2200229 a 4500 |
| 001 - CONTROL NUMBER | |
| control field | 47821 |
| 003 - CONTROL NUMBER IDENTIFIER | |
| rucl marc code | BD-RjUL |
| 005 - DATE AND TIME OF LATEST TRANSACTION | |
| control field | 20211209054412.0 |
| 008 - FIXED-LENGTH DATA ELEMENTS--GENERAL INFORMATION | |
| fixed length control field | 160810s2000 ii ||||| |||| 00| 0 ben d |
| 020 ## - INTERNATIONAL STANDARD BOOK NUMBER | |
| International Standard Book Number | 9843109287 |
| Terms of availability | : Tk.150.00 |
| 035 ## - SYSTEM CONTROL NUMBER | |
| System control number | (BD-RjUL)47940 |
| 040 ## - CATALOGING SOURCE | |
| Original cataloging agency | BD-RjUL |
| Language of cataloging | ben |
| Transcribing agency | BD-RjUL |
| Modifying agency | BD-RjUL |
| 041 ## - LANGUAGE CODE | |
| Language code of text/sound track or separate title | ben |
| 082 ## - DEWEY DECIMAL CLASSIFICATION NUMBER | |
| Edition number | 23 |
| Classification number | 327.95405492 |
| Author mark and year | MOB 2000 |
| 100 ## - MAIN ENTRY--PERSONAL NAME | |
| Personal name | মোহাম্মদ, হাসান |
| 9 (RLIN) | 145199 |
| 245 10 - TITLE STATEMENT | |
| Title | বাংলাদেশের জাতীয় স্বার্থ ও নিরাপত্তার আলোকে করিডোর ট্রানজিট ট্রান্সশিপমেন্ট / |
| Statement of responsibility, etc. | হাসান মোহাম্মদ |
| 260 ## - PUBLICATION, DISTRIBUTION, ETC. (IMPRINT) | |
| Place of publication, distribution, etc. | চট্টগ্রাম : |
| Name of publisher, distributor, etc. | ইউনিভার্সিটি পাবলিশার্স, |
| Date of publication, distribution, etc. | ২০০০. |
| 300 ## - PHYSICAL DESCRIPTION | |
| Pagination | ১৩৩ পৃ. : |
| Illustrations | চিত্র ; |
| Size | ২৫ সেমি. |
| 651 ## - SUBJECT ADDED ENTRY--GEOGRAPHIC NAME | |
| Geographic name | ভারত |
| Form subdivision | আন্তর্জাতিক সম্পর্ক |
| Geographic subdivision | বাংলাদেশ |
| 9 (RLIN) | 145200 |
| Geographic name | India |
| Form subdivision | Foreign relation |
| Geographic subdivision | Bangladesh |
| 9 (RLIN) | 145201 |
| 942 ## - ADDED ENTRY ELEMENTS (KOHA) | |
| Source of classification or shelving scheme | Dewey Decimal Classification |
| Koha item type | Books |
| Lost status | Source of classification or shelving scheme | Damaged status | Not for loan | Collection code | Permanent Location | Current Location | Shelving location | Date acquired | Source of acquisition | Cost, normal purchase price | Total Checkouts | Full call number | Date last seen | Date checked out | Copy number | Koha item type |
|---|---|---|---|---|---|---|---|---|---|---|---|---|---|---|---|---|
| Dewey Decimal Classification | Non-fiction | Central Library, University of Rajshahi | Central Library, University of Rajshahi | 17/04/2003 | Hasan Mohammad, C.U | 150.00 | 4 | B 327.95405492 MOB 2000 | 22/07/2025 | 14/07/2025 | C-2 | Books | ||||
| Dewey Decimal Classification | Non-fiction | Central Library, University of Rajshahi | Central Library, University of Rajshahi | 17/04/2003 | Hasan Mohammad, C.U | 150.00 | 3 | B 327.95405492 MOB 2000 | 26/07/2017 | 08/07/2017 | C-3 | Books | ||||
| Dewey Decimal Classification | Not For Loan | Non-fiction | Central Library, University of Rajshahi | Central Library, University of Rajshahi | Reading Room | 17/04/2003 | Hasan Mohammad, C.U | 133.00 | B 327.95405492 MOB 2000 | 27/12/2016 | C-1 | Books |